| 000 | 00534nam a22001817a 4500 | ||
|---|---|---|---|
| 003 | MPLRDC | ||
| 005 | 20220104152146.0 | ||
| 008 | 210129b ||||| |||| 00| 0 eng d | ||
| 020 | _a7-5410-0033-7 | ||
| 082 | _a948.5 BTXE | ||
| 100 | _a诺曼巴特希尔、克利福特贝利、丹尼斯弗斯特、彼得吉尔曼著 | ||
| 245 |
_a油画入门 _c吕澎、李高强译 |
||
| 250 | _a一版一刷 | ||
| 260 |
_a _b四川美术出版社 _c1987 |
||
| 300 | _b平 | ||
| 650 | _a各种西洋画法--油画 | ||
| 942 |
_cBK _o948.5 BTXE |
||
| 999 |
_c52745 _d52735 |
||